000 00858cam a22002893a 4500
001 1895
003 PGUSA
005 20140828083007.0
008 990901s1999||||xxu|||||s|||||000 1 eng d
040 _aPGUSA
_beng
042 _adc
050 4 _aPR
100 1 _aCollins, Wilkie,
_d1824-1889
245 1 0 _aArmadale
_h[electronic resource] /
_cWilkie Collins
260 _bProject Gutenberg,
_c1999
506 _aPublic domain in the USA.
516 _aElectronic text
653 _aFate and fatalism -- Fiction
653 _aEngland -- Social life and customs -- 19th century -- Fiction
653 _aFathers and sons -- Fiction
653 _aMen -- England -- Fiction
653 _aEngland -- Fiction
653 _aPsychological fiction
830 0 _aProject Gutenberg
_v1895
856 4 0 _uhttp://www.gutenberg.org/ebooks/1895
942 _cEB
999 _c231238
_d231238